<?xml version="1.0" encoding="UTF-8"?>
<record
    xmlns:xsi="http://www.w3.org/2001/XMLSchema-instance"
    xsi:schemaLocation="http://www.loc.gov/MARC21/slim http://www.loc.gov/standards/marcxml/schema/MARC21slim.xsd"
    xmlns="http://www.loc.gov/MARC21/slim">

  <leader>00239nam a2200085Ia 4500</leader>
  <controlfield tag="005">20250523155752.0</controlfield>
  <controlfield tag="008">250523s9999    xx            000 0 und d</controlfield>
  <datafield tag="245" ind1=" " ind2="0">
    <subfield code="a">I&#x15F;&#x131;n &#xC7;a&#x11F;&#x131; &#xC7;ocuklar&#x131;  G&#xF6;kku&#x15F;  Diz  </subfield>
    <subfield code="c">G&#xFC;lten Day&#x131;o&#x11F;lu</subfield>
  </datafield>
  <datafield tag="260" ind1=" " ind2=" ">
    <subfield code="b">ALTIN</subfield>
  </datafield>
  <datafield tag="999" ind1=" " ind2=" ">
    <subfield code="c">12132</subfield>
    <subfield code="d">12132</subfield>
  </datafield>
</record>
